[Event "Villa Maria qual 4th"]
[Site "Villa Maria"]
[Date "2017.??.??"]
[Round "4.1"]
[White "Leguizamon, Lucas"]
[Black "Koncurat, Tomas"]
[Result "0-1"]
[WhiteElo "1585"]
[BlackElo "1491"]
[PlyCount "104"]
[EventDate "2017.08.08"]
[EventType "swiss (rapid)"]
[EventRounds "6"]
[EventCountry "ARG"]
[SourceTitle "EXT 2024"]
[Source "ChessBase"]
[SourceDate "2023.10.10"]
[SourceVersion "1"]
[SourceVersionDate "2023.10.10"]
[SourceQuality "1"]

1. e4 e6 2. Nf3 c6 3. Nc3 d5 4. d4 Nf6 5. Bg5 Be7 6. e5 Ng8 7. Bxe7 Nxe7 8. Bd3 0-0 9. 0-0 Ng6 10. Qd2 Nd7 11. Ne2 c5 12. c3 cxd4 13. cxd4 Nb6 14. b3 Bd7 15. Ng3 Rc8 16. Rfc1 Qe7 17. Bxg6 hxg6 18. Qa5 Rxc1+ 19. Rxc1 Rc8 20. Rxc8+ Nxc8 21. Qc7 b6 22. h4 Qe8 23. h5 gxh5 24. Nxh5 Bc6 25. Ng5 Qd7 26. Qb8 Bb7 27. f4 Qc6 28. Kh2 Ba6 29. f5 exf5 30. Nf4 Qh6+ 31. Ngh3 Qc6 32. e6 fxe6 33. Qe5 Qd6 34. Qe1 Ne7 35. g3 Bc8 36. Ng5 e5 37. dxe5 Qh6+ 38. Ngh3 g5 39. Qb4 Qh7 40. Nxd5 Nxd5 41. Qd2 Ne7 42. Qxg5+ Qg7 43. Qf4 Qg4 44. Qd2 Kg7 45. Nf4 Ng6 46. Nxg6 Qxg6 47. Qf4 Qh6+ 48. Qxh6+ Kxh6 49. Kg2 Kg5 50. Kf3 Bb7+ 51. Ke3 Bd5 52. Kf2 Kg4 0-1